Hinduism : (Record no. 516909)

000 -LEADER
fixed length control field 00252nam a22000977a 4500
082 ## - DEWEY DECIMAL CLASSIFICATION NUMBER
Classification number TNC
100 ## - MAIN ENTRY--PERSONAL NAME
Personal name Somany, Ganga
9 (RLIN) 23743
245 ## - TITLE STATEMENT
Title Hinduism :
Remainder of title An illustrative introduction
Statement of responsibility, etc by Ganga Somany
260 ## - PUBLICATION, DISTRIBUTION, ETC. (IMPRINT)
Place of publication, distribution, etc New Delhi
Name of publisher, distributor, etc S.S.M.P.
Date of publication, distribution, etc 2018
300 ## - PHYSICAL DESCRIPTION
Extent v.p.
Holdings
Withdrawn status Lost status Source of classification or shelving scheme Damaged status Koha normalized classification for sorting Not for loan Permanent location Current location Date acquired Full call number Barcode Date last seen Price effective from Koha item type
        TNC   Indian Institute of Public Administration Indian Institute of Public Administration 2021-03-22 TNC GR23393 2021-03-22 2021-03-22 GR

Powered by Koha